000 00657nam a2200253Ia 4500
003 OSt
005 20221007100321.0
006 a|||||r|||| 00| 0
007 ta
008 221006b |||||||| |||| 00| 0 eng d
024 _a4,232
037 _cTextual
040 _aLCO
_cLCO
_beng
041 _2eng
_aeng
082 _aZqM97, L9
100 _aBindra N.S.
245 0 _aGeneral Clauses Acts
_b Central and States
250 _a7th
260 _aAllahabad
_bLaw Book Company India
_c1979
300 _a528
650 _aGENERAL CLAUSE ACT
_9701506
942 _hZqM97, L9
_cTEXL
999 _c1173795
_d1173795